[Event "Sparkassen-Open B"]
[Site "Heusenstamm, Martinsee"]
[Date "2022.11.20"]
[Round "6.58"]
[White "Niesel, Sebastian"]
[Black "Hofmann, André"]
[Result "1/2-1/2"]
[WhiteElo "1312"]
[BlackElo "1254"]
[PlyCount "86"]
[EventDate "2022.??.??"]
[WhiteTeam "SV 1934 Ffm-Griesheim"]
[BlackTeam "Düsseldorfer SV 1854"]

1. e4 e6 2. d4 d5 3. exd5 exd5 4. Bd3 Nf6 5. h3 Bd6 6. Bg5 h6 7. Be3 Be6 8. Nf3
Nbd7 9. Nc3 c6 10. Qd2 b5 11. Bf4 Qc7 12. Bxd6 Qxd6 13. O-O O-O 14. Rfe1 Rfe8
15. Ne5 Nb6 16. Qf4 b4 17. Ne2 a5 18. b3 Re7 19. Nxf7 Qxf4 20. Nxf4 Kxf7 21.
Bg6+ Kf8 22. Rxe6 Rxe6 23. Nxe6+ Kg8 24. Nc5 Ra7 25. Re1 Nc8 26. g4 Ne7 27. Bd3
g5 28. Kg2 Kg7 29. Kg3 Ng6 30. Bxg6 Kxg6 31. f4 h5 32. f5+ Kf7 33. Ne6 Ne4+ 34.
Kf3 h4 35. Nc5 Nxc5 36. dxc5 a4 37. Re6 axb3 38. axb3 Ra2 39. Re2 Ra5 40. Kf2
Rxc5 41. Kf1 Rc3 42. Kg2 d4 43. Rd2 c5 1/2-1/2

[Event "Sparkassen-Open B"]
[Site "Heusenstamm, Martinsee"]
[Date "2022.11.20"]
[Round "6.59"]
[White "Matsoukas, Konstantinos"]
[Black "Barth, Horst"]
[Result "1-0"]
[WhiteElo "1108"]
[BlackElo "1244"]
[PlyCount "91"]
[EventDate "2022.??.??"]
[WhiteTeam "Frankfurter TV 1860"]
[BlackTeam "Sfr.Mainz 1928"]

1. e4 c5 2. Nf3 d6 3. d4 cxd4 4. Nxd4 Nf6 5. Nc3 e5 6. Nf3 Be7 7. Be2 Be6 8.
Bg5 Nbd7 9. Bxf6 Bxf6 10. Qxd6 Be7 11. Qd2 O-O 12. O-O h6 13. Nd5 Bxd5 14. Qxd5
Qc7 15. Rfd1 Nb6 16. Qxe5 Qxe5 17. Nxe5 Bf6 18. Nd7 Nxd7 19. Rxd7 b6 20. c3
Rfd8 21. Rad1 Rxd7 22. Rxd7 Rd8 23. Rxd8+ Bxd8 24. f3 Kf8 25. Kf2 Ke7 26. Ke3
Kd6 27. Kd4 Bf6+ 28. Kc4 a6 29. Kb4 a5+ 30. Kb5 Kc7 31. Bc4 Be5 32. g3 f6 33.
f4 Bd6 34. b4 axb4 35. cxb4 g5 36. fxg5 fxg5 37. a4 h5 38. a5 bxa5 39. bxa5 Be5
40. Bf7 h4 41. gxh4 gxh4 42. a6 Kb8 43. h3 Ka7 44. Bd5 Bg3 45. Bb7 Be5 46. Kc5
1-0

[Event "Sparkassen-Open B"]
[Site "Heusenstamm, Martinsee"]
[Date "2022.11.20"]
[Round "6.60"]
[White "Neumeier, Marie-Theres"]
[Black "Sarbu, Carla Alexandra"]
[Result "1/2-1/2"]
[WhiteElo "1075"]
[BlackElo "1130"]
[PlyCount "63"]
[EventDate "2022.??.??"]
[WhiteTeam "TV 1899 Parsberg"]
[BlackTeam "SV Jedesheim 1921"]

1. d4 Nf6 2. Bf4 d5 3. e3 Bf5 4. Nf3 e6 5. Bd3 Bxd3 6. cxd3 Nbd7 7. Nc3 Bb4 8.
O-O c6 9. Ne5 O-O 10. Rc1 Bd6 11. Qe2 a6 12. Na4 Qc7 13. Nxd7 Nxd7 14. Bg3 Bxg3
15. hxg3 Qa5 16. Nc3 Rac8 17. a3 b5 18. Nb1 Qb6 19. Nd2 Rfe8 20. Nb3 Rc7 21.
Rc2 e5 22. dxe5 Rxe5 23. d4 Re6 24. Nc5 Nxc5 25. dxc5 Qb8 26. f3 Qd8 27. Qd3
Qg5 28. Kf2 Qg6 29. Qxg6 Rxg6 30. Rh1 Rd7 31. Re2 h6 32. Rd2 1/2-1/2

[Event "Sparkassen-Open B"]
[Site "Heusenstamm, Martinsee"]
[Date "2022.11.20"]
[Round "6.61"]
[White "Grebe, Sabrina"]
[Black "Klein, Simon"]
[Result "1-0"]
[WhiteElo "1182"]
[BlackElo "1378"]
[PlyCount "67"]
[EventDate "2022.??.??"]
[WhiteTeam "SC Heusenstamm"]
[BlackTeam "SK Hungen"]

1. e4 d6 2. Nf3 Nf6 3. Nc3 e5 4. d4 Nbd7 5. Bd3 Be7 6. h3 c6 7. Bg5 Qc7 8. d5
h6 9. Bxf6 Bxf6 10. O-O Nf8 11. Kh2 Ng6 12. g3 Nf8 13. b4 a6 14. a4 g5 15. Nd2
h5 16. dxc6 bxc6 17. b5 Qa5 18. Ne2 c5 19. Nc4 Qd8 20. bxa6 Bxa6 21. Nc3 Ne6
22. Nd5 h4 23. Nxd6+ Qxd6 24. Nxf6+ Kf8 25. Bxa6 Qxa6 26. Nd7+ Kg7 27. Nxe5
Rhd8 28. Qf3 f6 29. Ng4 Nd4 30. Qc3 Ne6 31. Qxf6+ Kh7 32. Ne5 Rg8 33. Rfd1 Qc8
34. Rd7+ 1-0

[Event "Sparkassen-Open B"]
[Site "Heusenstamm, Martinsee"]
[Date "2022.11.20"]
[Round "6.63"]
[White "Gärtner, David"]
[Black "Vinogradov, Roman"]
[Result "1-0"]
[WhiteElo "1116"]
[BlackElo "797"]
[PlyCount "53"]
[EventDate "2022.??.??"]
[WhiteTeam "Sfr.Mainz 1928"]
[BlackTeam "SV Walldorf"]

1. d4 Nf6 2. c4 g6 3. Nf3 Bg7 4. g3 d5 5. Bg2 Nc6 6. O-O O-O 7. Qc2 Re8 8. Rd1
Bf5 9. Qa4 a5 10. a3 Qc8 11. Nc3 Bg4 12. cxd5 Qf5 13. dxc6 b6 14. Bf4 Red8 15.
Bxc7 Rdc8 16. Bf4 Ne4 17. Qc2 Nxc3 18. Qxc3 Qb5 19. Rac1 Qxe2 20. Re1 Qb5 21.
Rxe7 Bf8 22. Rb7 Re8 23. c7 Re7 24. Rb8 Re8 25. Nd2 Raxb8 26. cxb8=Q Rxb8 27.
Bxb8 1-0

[Event "Sparkassen-Open B"]
[Site "Heusenstamm, Martinsee"]
[Date "2022.11.20"]
[Round "6.66"]
[White "Moissl, Julian"]
[Black "Trenz, Kerstin"]
[Result "1-0"]
[WhiteElo "1140"]
[BlackElo "902"]
[PlyCount "29"]
[EventDate "2022.??.??"]
[WhiteTeam "SJ Herborn 1998"]
[BlackTeam "SK Gau-Algesheim"]

1. d4 d5 2. c4 c6 3. Nc3 Nf6 4. Bg5 h6 5. Bh4 e6 6. e3 Be7 7. Bd3 g5 8. Bg3
Nbd7 9. Nf3 Nh5 10. Be5 f6 11. Bg6+ Kf8 12. Bxh5 fxe5 13. dxe5 Nb6 14. Nxg5 Nd7
15. Nxe6+ 1-0